[Event "1st Goa GM Open 2018"]
[Site "Taleigao"]
[Date "2018.10.17"]
[Round "6"]
[White "Stany, G.A."]
[Black "Rathanvel, V S"]
[Result "1-0"]
[WhiteElo "2502"]
[BlackElo "2341"]
[Annotator "TA"]
[PlyCount "71"]
[EventDate "2018.10.13"]
[EventType "swiss"]
[EventCountry "IND"]
[SourceTitle "playchess.com"]
[Source "ChessBase"]
[SourceQuality "1"]

{[%evp 12,71,14,10,27,-29,-13,-42,-40,-42,-39,-32,-29,-38,-24,-39,-39,-42,-38,-33,-22,-34,-30,-61,-56,-84,-82,-84,-78,-96,-95,-106,-103,-92,-93,-87,-66,-64,-57,-108,-86,-141,-141,-147,-153,-196,-89,-88,-84,-89,-39,-64,-45,-49,-16,-24,0,0,0,0,0,0]} 1. e4 c5 2. Nf3 d6 3. Bb5+ Nd7 4. c3 Ngf6 5. Qe2 a6 6. Ba4 b5 7. Bc2 Bb7 {B51: Sicilian: Moscow Variation (3 Bb5+) without 3...Bd7} 8. d3 (8. O-O $142) (8. d4 e6 9. O-O Be7 10. Nbd2 O-O 11. e5 Nd5 12. Ne4 Qc7 13. exd6 Bxd6 14. Nxd6 Qxd6 15. dxc5 Qxc5 {½-½ (58) Kovalev,V (2648)-Grandelius,N (2652) Sharjah 2018}) 8... g6 $11 9. Nbd2 Bg7 {Black is slightly better.} 10. Nf1 $1 e5 $146 ({Predecessor:} 10... O-O 11. Ng3 e5 12. h3 d5 13. Nh2 c4 14. dxc4 bxc4 15. Ng4 {½-½ (45) Krayz,A (2319)-Raznikov,D (2469) Israel 2013}) 11. Ng3 d5 12. h4 h5 13. Bg5 Qc7 14. O-O O-O 15. a4 dxe4 16. dxe4 c4 17. Rfd1 Nc5 18. Bxf6 Bxf6 19. Nf1 Rfd8 20. axb5 axb5 21. Rxa8 Bxa8 22. Rxd8+ Qxd8 23. N1d2 Bc6 24. Qe3 Qd6 25. Kh2 (25. g3 $15) 25... Kg7 26. Ng5 ({White should play} 26. b3) 26... Bd8 $17 27. b3 {[#]} cxb3 $1 28. Nxb3 {[#]} Bb6 (28... Na4 $1 $19 {and Black stays clearly on top.} 29. Qg3 Be7) 29. Nxc5 Bxc5 30. Qe2 Qf6 31. Nf3 Bd7 32. g3 Bg4 33. Kg2 b4 34. cxb4 {The position is equal.} Qxf3+ 35. Qxf3 Bxf3+ 36. Kxf3 {[%mdl 32768] Precision: White = 51%, Black = 41%. . Sensor Board Error (Ke4/e5)?} 1-0

[Event "1st Goa GM Open 2018"]
[Site "Taleigao"]
[Date "2018.10.17"]
[Round "6"]
[White "Kunte, Abhijit"]
[Black "Kumar, Gaurav"]
[Result "1/2-1/2"]
[WhiteElo "2484"]
[BlackElo "2236"]
[Annotator "TA"]
[PlyCount "53"]
[EventDate "2018.10.13"]
[EventType "swiss"]
[EventCountry "IND"]
[SourceTitle "playchess.com"]
[Source "ChessBase"]
[SourceQuality "1"]

{[%evp 9,53,-41,8,8,8,6,3,4,17,5,33,0,0,0,0,0,0,-28,-29,-22,-26,-60,-43,-49,-49,-46,-22,-51,-48,-64,-68,-62,-74,-64,-48,-62,-60,-91,-78,-87,0,-93,0,-74,0,-100]} 1. Nf3 d5 2. c4 d4 3. g3 c5 4. e3 Nc6 5. d3 (5. exd4 cxd4 6. Bg2 Nf6 7. O-O e5 8. d3 Nd7 9. Na3 Be7 10. Nc2 O-O 11. a3 a5 12. Bd2 {½-½ (24) Cordova,E (2621)-Mareco,S (2643) Montevideo 2018}) 5... dxe3 $146 ({Predecessor:} 5... Nf6 6. Bg2 Bf5 7. Nh4 Bg4 8. f3 Bc8 9. e4 Qa5+ 10. Bd2 Qb6 11. Na3 h6 {0-1 (57) Zhang,D (1755)-Dang,H (2340) Penang 2017}) 6. Bxe3 {A09: Réti Opening: 1 Nf3 d5 2 c4} e5 7. Nc3 Nf6 8. Bg2 Bf5 9. Qa4 {[#] aiming for Nxe5.} Qd7 10. Nd5 Nxd5 11. cxd5 Nb4 12. Qxd7+ Bxd7 13. Kd2 Nxd5 14. Nxe5 Be6 15. Rac1 f6 16. Nc4 Kf7 17. a3 Be7 18. Ke2 Rhd8 19. Rhd1 Rd7 20. h3 Rad8 21. g4 b6 22. Be4 $1 g6 23. Bf3 Kg8 24. Be4 Kf7 25. Bf3 $1 Kg8 26. Be4 $1 Kf7 27. Bf3 $1 {Precision: White = 57%, Black = 55%.} 1/2-1/2

[Event "1st Goa GM Open 2018"]
[Site "Taleigao"]
[Date "2018.10.17"]
[Round "6"]
[White "Babujian, Levon"]
[Black "Deepan Chakkravarthy J."]
[Result "1/2-1/2"]
[WhiteElo "2456"]
[BlackElo "2540"]
[Annotator "TA"]
[PlyCount "113"]
[EventDate "2018.10.13"]
[EventType "swiss"]
[EventCountry "IND"]
[SourceTitle "playchess.com"]
[Source "ChessBase"]
[SourceQuality "1"]

{[%evp 22,113,21,0,42,31,47,58,64,33,25,31,36,31,37,31,24,23,82,0,0,0,0,26,9,0,0,0,0,0,0,-18,-22,-20,-12,-15,-24,-35,-34,-22,-18,-211,-205,-224,-30,-220,-238,-216,-214,-236,-235,-223,-220,-216,-217,-226,-196,-196,-189,-204,-204,-204,-204,-184,-123,-111,-8,-8,-19,-54,0,0,0,0,0,0,0,-8,0,0,0,0,0,0,0,0,0,0,0,0,0,0,0,0]} 1. d4 Nf6 2. c4 g6 3. Nc3 Bg7 4. e4 d6 5. Nf3 O-O 6. Be2 e5 7. O-O Nc6 8. Be3 Ng4 9. Bg5 f6 10. Bh4 Nh6 11. dxe5 dxe5 12. Qb3 {LiveBook: 5 Partien. E97: Königsindisch (Klassisches System)} (12. Qxd8 Nxd8 13. Nd5 Ne6 14. Ne7+ Kf7 15. Nxc8 Rfxc8 16. Rfd1 Ke8 17. Nd2 Nd4 18. Kf1 Nf7 19. Nb3 c5 20. Nxd4 cxd4 {0-1 (55) Sibashvili,G (2425)-Aravindh,C (2578) Manavgat 2018}) 12... g5 13. Rad1 Nd4 14. Nxd4 {Weiß steht etwas besser.} exd4 15. c5+ Kh8 $1 16. Bg3 f5 17. exf5 Nxf5 18. Nb5 $146 ({Vorgänger:} 18. Ne4 b6 19. Rc1 Bb7 {1-0 (49) Kumaran,D (2310)-Lesiege,A (2370) Guarapuava 1991}) 18... Nxg3 19. Qxg3 Rf4 {[#]} (19... Bf5 $1 $11) 20. Rfe1 (20. h4 $1 $16 {[%mdl 512]}) 20... a6 21. Nc3 Qg8 22. Nb1 Be6 23. Nd2 Raf8 24. Bf3 g4 25. Bxb7 Rxf2 26. Qxc7 Bd5 $36 {[%mdl 2048] Schwarz kämpft um Vorteil.} 27. Ne4 Rxb2 28. Bxd5 Qxd5 29. Qd6 $1 {[%cal Rd6d5]} Qxa2 30. Kh1 Qc4 31. Ng5 $2 (31. Rg1 $11 {und Weiss muss sich keine Sorgen machen.}) 31... Rbf2 $19 {( -> ...Tf1+)} 32. Rg1 Qe2 $2 (32... R2f5 $19 33. Ne4 a5) 33. c6 $2 {[#]} (33. Ne6 $1 $11 {und Weiss ist OK.}) 33... Qxd1 $1 {[%mdl 512]} 34. Qxf8+ (34. Rxd1 Rf1+) 34... Rxf8 35. Rxd1 {[%mdl 4096] Endspiel KTL-KTS} Rc8 36. Rb1 {Mit der Idee c7!} d3 {Und ...d2 würde nun gewinnen.} 37. c7 d2 38. Ne4 Be5 ({Auf keinen Fall} 38... Rxc7 39. Rb8+ Bf8 40. Rxf8+ Kg7 41. Rf1 $17) 39. Nxd2 Rxc7 40. g3 a5 41. Rb8+ Kg7 42. Rb5 Rc1+ (42... Bf6 $19 {Droht ...Tc1+ und aus.} 43. Ne4 a4) 43. Kg2 $17 Rc2 (43... Bd6 $17 {Droht stark ...Tc2.} 44. Kf2 Bb4) 44. Rxe5 $11 {Td5 ist eine echte Drohung.} Rxd2+ {KT-KT} 45. Kf1 a4 ({Günstiger ist} 45... Ra2 $1 $15 46. Rg5+ Kf6 47. Rxg4 Rxh2) 46. Ra5 {Die Stellung ist ausgeglichen.} Ra2 {zielt auf ...a3 ab.} 47. Rg5+ Kf6 48. Rxg4 Ke5 49. h4 a3 50. Ra4 h5 51. Ke1 Kd5 52. Kd1 Kc5 53. Kc1 Kb5 54. Ra8 Kb4 55. Kb1 Rg2 56. Rb8+ Kc4 57. Rc8+ {Precision: Weiß = 62%, Schwarz = 58%.} 1/2-1/2

[Event "1st Goa GM Open 2018"]
[Site "Taleigao"]
[Date "2018.10.17"]
[Round "6"]
[White "Kasparov, Sergey"]
[Black "Neverov, Valeriy"]
[Result "0-1"]
[WhiteElo "2453"]
[BlackElo "2488"]
[Annotator "TA"]
[PlyCount "118"]
[EventDate "2018.10.13"]
[EventType "swiss"]
[EventCountry "IND"]
[SourceTitle "playchess.com"]
[Source "ChessBase"]
[SourceQuality "1"]

{[%evp 21,118,0,0,0,0,0,0,0,0,0,0,0,0,0,0,0,0,0,0,-29,-31,-34,0,-34,-32,-41,-33,-28,-33,-60,-51,-59,-51,-51,-60,-67,-66,-65,-52,-51,-52,-51,-52,-59,-50,-61,-48,-99,-108,-97,-96,-96,-113,-96,-104,-109,-110,-217,-217,-225,-213,-206,-212,-218,-178,-220,-210,-216,-206,-193,-180,-806,-766,-740,-740,-858,-933,-746,-772,-723,-533,-2061,-2058,-1745,-1634,-1316,-1406,-1162,-1125,-805,-736,-1164,-1018,-12843,-12843,-12844,-12841,-12845,-12845]} 1. e4 c5 2. Nf3 d6 3. d4 cxd4 4. Nxd4 Nf6 5. f3 Nc6 6. c4 Qb6 7. Nc2 g6 8. Nc3 Bg7 9. Rb1 O-O {B55: Sicilian: 2...d6 3 d4 cxd4 4 Nxd4 Nf6 5 f3} (9... Ng4 10. Qd2 Bh6 11. Qe2 Bxc1 12. Nd5 Qa5+ 13. b4 Qd8 14. Rxc1 e6 15. Nc3 Qg5 16. Qd2 Qxd2+ 17. Kxd2 {½-½ (53) Kasparov,S (2462)-Greenfeld,A (2490) Kathmandu 2018}) 10. Be3 Qa5 11. Qd2 Be6 $1 {LiveBook: 3 Games. The position is equal.} 12. b4 Qc7 13. Nd5 Bxd5 $146 ({Predecessor:} 13... Qd7 14. Be2 Rfc8 15. O-O Ne5 16. Na3 Bxd5 17. cxd5 {0-1 (45) Cento,R (2214)-Kovac,S (2165) ICCF email 2009}) 14. cxd5 Ne5 15. Nd4 Rfc8 16. Be2 Nc4 17. Bxc4 $1 Qxc4 18. Kf2 Nd7 19. Rhc1 Qa6 20. Qe2 Qa4 21. Nb3 Nb6 22. Na5 Rxc1 23. Rxc1 Qxb4 24. Qd2 Qb5 25. Rc7 Rc8 26. a4 Qb1 27. Rxc8+ Nxc8 28. Qc1 Qxc1 29. Bxc1 $15 {[%mdl 4096] Endgame KBN-KBN} Nb6 30. Nxb7 Nxa4 31. Be3 a6 $1 32. Ke2 Kf8 33. Na5 e6 34. Bf4 (34. dxe6 $15 fxe6 35. Nc6) 34... exd5 $17 35. Bxd6+ Ke8 36. exd5 Nc3+ 37. Kd3 {With the idea Kc4.} Nxd5 38. g4 Kd7 39. Ba3 {[#]} (39. Bg3 $17) 39... Be5 $1 $19 40. Ke4 Ke6 41. Nb3 {Strongly threatening Nc5+.} f5+ 42. gxf5+ gxf5+ 43. Kd3 Nc7 44. Nc5+ Kd5 45. Nd7 {[#]} Ne6 $1 46. Be7 $2 (46. Bb4) 46... Nf4+ {Black is clearly winning.} 47. Ke3 Ke6 48. Nxe5 Kxe5 {KB-KN} 49. Bd8 Ne6 50. Ba5 Kd5 51. Kf2 Nd4 52. Ke3 Nc6 53. Bc3 a5 {[%cal Ba6a5,Ba5a4,Ba4a3][%mdl 32]} 54. Kf4 Ke6 55. Kg5 a4 56. Kh6 Ne5 57. h4 Nxf3 58. h5 Ne5 59. Kxh7 a3 {Precision: White = 47%, Black = 88%.} 0-1

[Event "1st Goa GM Open 2018"]
[Site "Taleigao"]
[Date "2018.10.17"]
[Round "6"]
[White "Vignesh N R"]
[Black "Swati Ghate"]
[Result "0-1"]
[WhiteElo "2447"]
[BlackElo "2215"]
[Annotator "RC"]
[PlyCount "146"]
[EventDate "2018.10.13"]
[EventType "swiss"]
[EventCountry "IND"]
[SourceTitle "playchess.com"]
[Source "ChessBase"]
[SourceQuality "1"]
[TimeControl "5400+30"]

1. d4 Nf6 2. c4 e6 3. g3 d5 4. Nf3 Bb4+ 5. Bd2 Be7 6. Bg2 c6 7. Qc2 O-O 8. O-O b6 9. Rd1 Nbd7 10. b3 Ba6 11. a4 Bd6 12. a5 Qe7 13. Bf4 Bb4 14. Bd2 Bd6 15. Bg5 h6 16. Bxf6 Nxf6 17. Nbd2 Bb4 18. axb6 axb6 19. e4 Bb7 20. e5 Nh7 21. Ne1 Qd7 22. c5 Ba6 23. Ra4 bxc5 24. Rda1 Qb7 25. dxc5 Bb5 26. Rxa8 Rxa8 27. Rc1 Ra5 28. Qb2 Ba6 29. Qd4 Nf8 30. Bf1 Bxf1 31. Nxf1 Bxe1 32. Rxe1 Qxb3 33. Ra1 Rxa1 34. Qxa1 Qb7 35. Qa5 Ng6 36. Qd8+ Kh7 37. Qd6 Qb2 38. f4 Qd4+ 39. Kg2 Qe4+ 40. Kf2 d4 41. h4 h5 42. Qd7 Kg8 43. Qd8+ Nf8 44. Qd6 f6 45. exf6 gxf6 46. Qe7 Qc2+ 47. Kg1 Qf5 48. Qd6 Qe4 49. Qe7 Qf5 50. Qd6 e5 51. Qxc6 e4 52. Qe8 Qe6 53. Qxh5 e3 54. Qe2 Nd7 55. f5 Qd5 56. c6 Qxc6 57. Qg4+ Kf7 58. Qxd4 e2 59. Qf2 exf1=Q+ 60. Qxf1 Ne5 61. Kh2 Qe4 62. Kh3 Ng4 63. Qc1 Nf2+ 64. Kh2 Qxf5 65. Kg2 Ng4 66. Qc4+ Kg7 67. Qc7+ Kg6 68. h5+ Qxh5 69. Qc8 Qh2+ 70. Kf3 Ne5+ 71. Ke3 Qxg3+ 72. Kd2 Qg2+ 73. Kc1 Qc6+ 0-1

[Event "1st Goa GM Open 2018"]
[Site "Taleigao"]
[Date "2018.10.17"]
[Round "6"]
[White "Vardan Nagpal"]
[Black "Sahil, Tickoo"]
[Result "1/2-1/2"]
[WhiteElo "2433"]
[BlackElo "2217"]
[Annotator "TA"]
[PlyCount "37"]
[EventDate "2018.10.13"]
[EventType "swiss"]
[EventCountry "IND"]
[SourceTitle "playchess.com"]
[Source "ChessBase"]
[SourceQuality "1"]

{[%evp 10,37,17,0,30,34,42,49,66,68,64,60,58,67,61,45,80,25,34,8,0,0,0,0,0,-20,-21,-21,-14,-31]} 1. d4 Nf6 2. Nf3 e6 3. c4 d5 4. g3 Bb4+ 5. Bd2 Bd6 6. Nc3 {LiveBook: 173 Games. E01: Catalan: Early deviations} h6 $146 ({Predecessor:} 6... O-O 7. Bg5 c6 8. Bg2 h6 9. Bxf6 Qxf6 10. O-O Qd8 11. c5 Bc7 12. e4 b6 {1-0 (40) Ding,L (2797)-Topalov,V (2747) Wenzhou 2018}) 7. Bg2 c6 8. Qc2 {White is slightly better.} Nbd7 9. e4 dxe4 10. Nxe4 Nxe4 11. Qxe4 O-O 12. O-O e5 13. dxe5 ({White should try} 13. Bc3 $16) 13... Nxe5 $11 14. Nxe5 Bxe5 {The position is equal.} 15. Bb4 Re8 $1 16. Rad1 Bd7 $1 17. Bh3 Bd4 $1 18. Qxd4 Bxh3 19. Qxd8 {Precision: White = 42%, Black = 57%.} 1/2-1/2

[Event "1st Goa GM Open 2018"]
[Site "Taleigao"]
[Date "2018.10.17"]
[Round "6"]
[White "Akash G"]
[Black "Predke, Alexandr"]
[Result "1-0"]
[WhiteElo "2424"]
[BlackElo "2615"]
[Annotator "TA"]
[PlyCount "83"]
[EventDate "2018.10.13"]
[EventType "swiss"]
[EventCountry "IND"]
[SourceTitle "playchess.com"]
[Source "ChessBase"]
[SourceQuality "1"]

{[%evp 15,83,11,46,47,35,34,31,33,39,52,50,39,79,75,139,122,145,143,153,177,335,330,339,329,318,333,328,310,346,355,351,340,385,385,375,322,344,348,349,361,364,335,357,359,359,296,310,304,304,315,333,327,349,329,379,379,384,390,455,455,454,454,528,530,510,498,564,554,777,763]} 1. e4 c5 2. Nf3 Nc6 3. Nc3 g6 4. d4 cxd4 5. Nxd4 Bg7 6. Be3 Nf6 7. Bc4 O-O 8. Bb3 d5 9. exd5 {B35: Sicilian: Accelerated Dragon with 5 Nc3: main line} Na5 $1 10. O-O b6 (10... Nxb3 11. Nxb3 b6 12. d6 e6 13. Qf3 Rb8 14. Rfd1 Bb7 15. Qh3 Rc8 16. Bd4 Nd5 17. Nxd5 Bxd5 18. Bxg7 Kxg7 {1-0 (34) Vachier Lagrave,M (2796)-Gelfand,B (2719) Palma de Mallorca 2017}) 11. Qf3 $146 {White is slightly better.} ({Predecessor:} 11. Nc6 Nxc6 12. dxc6 Qc7 13. Bg5 Ng4 14. g3 Qe5 15. Qd5 e6 16. Qb5 Ba6 17. Qxa6 Qxg5 18. Qb5 Qxb5 19. Nxb5 Rfc8 20. c3 {½-½ (20) Platonov,I-Cherepkov,A Minsk (Belarus) 1962}) 11... Bb7 12. Nc6 Bxc6 $1 13. dxc6 {Hoping for Bf4.} Qc8 14. Ba4 Nc4 {[#]} (14... Qf5 $142) 15. Bf4 $1 $16 a6 16. Bb3 Na5 17. c7 $36 {[%mdl 2048] White is in control.} b5 $2 (17... Ra7 18. Rfd1 Rxc7 19. Bxc7 Qxc7) 18. Nd5 $18 Nxd5 19. Bxd5 Ra7 20. Qa3 $1 {[%csl LRa5,LRe7]} Rxc7 21. Qxa5 Rxc2 22. Rac1 Rxc1 23. Bxc1 ({Don't take} 23. Rxc1 Qf5 $18) 23... Bd4 24. Qb4 Bf6 25. Qb3 e6 26. Bf3 Qc5 27. Bh6 Bg7 28. Bxg7 Kxg7 29. Rd1 a5 30. Qe3 Rc8 31. Qxc5 Rxc5 {[%mdl 4096] Endgame KRB-KR} 32. Rd2 b4 33. Kf1 f5 34. Ke2 Kf6 35. Kd1 h5 36. Rc2 Re5 37. g3 {White is clearly winning.} Rb5 38. b3 Re5 39. Rc4 Rb5 40. h4 Ke7 41. Kd2 Re5 42. Bc6 {Precision: White = 89%, Black = 38%.} 1-0

[Event "1st Goa GM Open 2018"]
[Site "Taleigao"]
[Date "2018.10.17"]
[Round "6"]
[White "Gusain, Himal"]
[Black "Popov, Ivan"]
[Result "*"]
[WhiteElo "2384"]
[BlackElo "2611"]
[Annotator "TA"]
[PlyCount "4"]
[EventDate "2018.10.13"]
[EventType "swiss"]
[EventCountry "IND"]
[SourceTitle "playchess.com"]
[Source "ChessBase"]
[SourceQuality "1"]

{[%evp 4,4,426]} 1. e4 d5 2. exd5 Nc6 $146 ({Predecessor:} 2... Qxd5 3. Nc3 Qd6 4. d4 Nf6 5. a3 c6 6. Bc4 Be6 7. Bxe6 Qxe6+ 8. Nge2 Qd7 9. O-O e6 10. Ng3 Be7 11. Nce4 Nxe4 12. Nxe4 Qd5 {0-1 (38) Mamedov,R (2709)-Carlsen,M (2834) chess.com INT 2018}) *

[Event "1st Goa GM Open 2018"]
[Site "Taleigao"]
[Date "2018.10.17"]
[Round "6"]
[White "Rathnakaran, K.."]
[Black "Malakhatko, Vadim"]
[Result "1/2-1/2"]
[WhiteElo "2366"]
[BlackElo "2552"]
[Annotator "TA"]
[PlyCount "54"]
[EventDate "2018.10.13"]
[EventType "swiss"]
[EventCountry "IND"]
[SourceTitle "playchess.com"]
[Source "ChessBase"]
[SourceQuality "1"]

{[%evp 17,54,0,10,-12,0,0,0,-4,-9,0,-7,-8,-20,-25,-24,-13,-15,-29,-28,-22,-10,-10,-10,-15,-14,-43,-37,-80,-72,-75,-65,-70,-66,-71,-75,-183,-116,-251,-4]} 1. e4 c5 2. Nf3 e6 3. d3 Nc6 4. g3 d5 5. Nbd2 g6 6. Bg2 Bg7 7. O-O Nge7 8. h4 h6 9. Re1 b6 10. Nf1 {A08: King's Indian Attack} (10. e5 Qc7 11. Qe2 g5 12. hxg5 hxg5 13. Nxg5 Qxe5 14. Qxe5 Nxe5 15. Nc4 Nxc4 16. dxc4 Bb7 17. a4 O-O 18. a5 Nf5 {½-½ (42) Pantsulaia,L (2567)-Bartel,M (2624) Reykjavik 2015}) 10... dxe4 11. dxe4 Qxd1 12. Rxd1 {The position is equal.} Ba6 13. c3 O-O 14. Bf4 e5 15. Be3 f5 $146 ({Predecessor:} 15... Rad8 16. N1h2 Be2 17. Rxd8 Rxd8 {½-½ (26) Dias,J (1748)-Pereira,T (1766) Caldas Novas 2017}) 16. exf5 gxf5 17. Rd6 Rad8 $36 {[%mdl 2048] Black is more active.} 18. Rad1 Rxd6 19. Rxd6 Rd8 20. Rxd8+ Nxd8 21. N3d2 Ne6 22. f4 {[#]} exf4 $1 23. gxf4 Bf6 24. h5 Ng7 25. Bf3 Kf7 26. b3 (26. Bf2 $17) 26... Bd3 (26... Bxc3 $19 27. Nc4 Ke6) 27. b4 {[#]} (27. c4 $17) 27... Ke6 $2 {Precision: White = 37%, Black = 73%.} ({Weaker is} 27... Bxc3 28. bxc5 bxc5 29. Bxc5 $15) (27... c4 $1 $19 28. a3 Bxc3) 1/2-1/2

[Event "1st Goa GM Open 2018"]
[Site "Taleigao"]
[Date "2018.10.17"]
[Round "6"]
[White "Anuj Shrivatri"]
[Black "Snehal, Bhosale"]
[Result "1-0"]
[WhiteElo "2345"]
[BlackElo "2141"]
[Annotator "TA"]
[PlyCount "131"]
[EventDate "2018.10.13"]
[EventType "swiss"]
[EventCountry "IND"]
[SourceTitle "playchess.com"]
[Source "ChessBase"]
[SourceQuality "1"]

{[%evp 9,131,3,10,2,26,33,43,14,37,-15,34,-24,0,0,0,0,-2,-49,-49,-64,-43,-38,-39,-41,-20,-56,-8,-4,-21,-37,-32,-45,-1,-7,-7,0,0,-26,39,36,49,37,229,239,450,442,596,558,545,533,558,316,304,311,277,121,125,45,46,52,54,44,45,53,83,37,50,0,0,0,0,0,0,0,0,0,0,0,98,89,230,205,182,0,8,0,47,47,47,47,47,0,0,0,0,0,195,306,453,551,351,21,236,0,14,0,28,30,12840,12840,12840,0,0,0,0,0,0,0,12848,12848,12849,12849,29997,29998]} 1. Nf3 d5 2. c4 c6 3. g3 Nf6 4. Bg2 a6 5. O-O dxc4 6. a4 {A11: English Opening: 1...c6} (6. Qc2 b5 7. Rd1 g6 8. d3 Qc7 9. Bf4 Qb7 10. Ne5 Bg7 11. dxc4 b4 12. Nd2 {0-1 (47) Dubov,D (2709)-Dreev,A (2649) Moscow 2018}) 6... e6 7. a5 Bd6 $146 ({Predecessor:} 7... Nbd7 8. Qc2 Bb4 9. Qa4 c5 10. Na3 O-O 11. Nxc4 Nd5 12. d3 b5 13. axb6 N7xb6 14. Nxb6 Nxb6 {0-1 (51) Bogosavljevic,B (2470)-Galkin,A (2590) playchess.com INT 2007}) 8. Qa4 {White is slightly better.} Bc7 9. Re1 (9. Na3 $14) 9... Nbd7 {[%cal Bb8d7,Bd7c5,Bc5d3][%mdl 32]} 10. e4 ({Better is} 10. Na3 $14) 10... Nc5 11. Qxc4 Nd3 12. Re3 Nxc1 13. Qxc1 (13. e5 {is more complex.} Nd5 14. Rea3 g5 15. d4 g4 16. Nfd2) 13... Bxa5 14. d4 Bb6 15. e5 Nd5 16. Re4 Qe7 17. Na3 Bd7 18. Nc4 Bc7 19. Nfd2 O-O 20. Rh4 c5 21. dxc5 Qxc5 22. Ne4 $40 {[%mdl 128] White mounts an attack.} Qe7 $1 23. Qc2 {Hoping for Nf6+!} f5 (23... h6 $11) 24. exf6 $1 $14 gxf6 {[#]} 25. Ned6 $1 {[%mdl 512]} Bc6 $2 (25... f5 $14 26. Nxb7 Rab8) (25... Bxd6 26. Bxd5) 26. Re1 $1 $18 {[%cal Re1e6]} f5 $2 {[#]} (26... Nf4) 27. Nxf5 $1 {[%mdl 512]} Qf6 (27... exf5 28. Bxd5+) 28. Nh6+ Kh8 29. Ng4 $1 {[%csl Gh4,LRf6,LRh7][%cal Rc2h7]} Qg7 30. Be4 {[%cal Rh4h7]} Nb4 31. Qb1 Bxe4 32. Qxe4 (32. Rxe4 $18 {is the precise move to win.} Nc6 33. Rxe6) 32... Nc6 $16 33. Nge5 (33. Rd1 $1 $16) 33... Nxe5 $14 34. Nxe5 Bxe5 35. Qxe5 Qxe5 36. Rxe5 {[%mdl 4096] Endgame KRR-KRR} Rf6 37. Rc4 Rd8 38. Rc7 {Black must now prevent Re2.} Rd1+ 39. Kg2 Rd2 40. Kh3 Rxb2 41. Rh5 h6 42. f4 Rg6 43. Re7 Kg8 (43... Rb6 $11 {keeps the balance.}) 44. Rc5 $1 $16 {[%cal Rc5c8]} Rg7 (44... Kf8 $16 {might work better.} 45. Rcc7 a5) 45. Rxe6 $18 Kh7 46. f5 $2 (46. Rd5 $18) 46... Rf2 47. Rb6 Rf7 48. g4 h5 $1 49. Kg3 Rf1 50. h3 {Strongly threatening g5.} hxg4 51. hxg4 Rg1+ 52. Kf3 Rf1+ $2 (52... Rg7 $11) 53. Kg2 Rf4 (53... Rd1 $142 54. Rc4 Rd3) 54. Kg3 Rf1 55. Rc4 $2 (55. Rg6 $1 $18) 55... Rd7 $2 {[#]} (55... Rg7 $11 {and Black has nothing to worry.}) 56. Rb3 $2 (56. Rg6 $1 $18) 56... b5 $11 57. Rf4 Rxf4 58. Kxf4 {KR-KR} Rb7 $2 {[%mdl 8192]} (58... Kg7 $11) 59. g5 $18 b4 {[#]} 60. g6+ $2 (60. Rh3+ $1 $18 Kg8 61. f6) 60... Kg7 $11 61. Kg5 Rb5 62. Rd3 b3 63. Rd7+ Kf8 $2 {[%mdl 8192]} (63... Kg8 $11 64. Kh6 Rxf5 65. Rg7+ Kf8) 64. g7+ $18 Kg8 65. Kg6 {[%cal Rd7d8]} Rb8 66. f6 {Precision: White = 48%, Black = 35%.} 1-0

[Event "1st Goa GM Open 2018"]
[Site "Taleigao"]
[Date "2018.10.17"]
[Round "6"]
[White "Sahoo, Utkal Ranjan"]
[Black "Tarun V Kanth"]
[Result "1-0"]
[WhiteElo "2332"]
[BlackElo "2123"]
[Annotator "TA"]
[PlyCount "55"]
[EventDate "2018.10.13"]
[EventType "swiss"]
[EventCountry "IND"]
[SourceTitle "playchess.com"]
[Source "ChessBase"]
[SourceQuality "1"]

{[%evp 25,55,0,0,0,0,0,0,-7,-10,-16,0,0,0,0,0,-20,-10,-25,58,27,846,847,831,833,804,837,824,825,822,821,806,804]} 1. c4 e6 2. Nc3 d5 3. d4 Nf6 4. cxd5 exd5 5. Bg5 Be7 6. e3 c6 7. Bd3 Nbd7 8. Qc2 Nh5 9. Bxe7 Qxe7 10. Nge2 {[%cal Bg1e2,Be2c1,Bc1b3,Bb3c5][%mdl 32]} g6 11. h3 {D36: Queen's Gambit Declined: Exchange Variation: Main line (5 Bg5 c6 6 Qc2)} Nb6 12. O-O-O Be6 13. Kb1 O-O-O {LiveBook: 10 Games} 14. Nc1 Kb8 15. Nb3 Ng7 16. Nc5 Bf5 {[#]} 17. N3a4 $146 ({Predecessor:} 17. Ka1 Bxd3 18. Nxd3 Nf5 {½-½ (38) Vidit,S (2554)-Hracek,Z (2625) Golden Sands 2013}) 17... Qc7 18. g4 Bxd3 19. Rxd3 h5 20. Rc1 hxg4 21. hxg4 Rh2 ({Black should try} 21... Ne8 $11) 22. Rb3 (22. Ra3 $5 {[%cal Ra4b6]} Rdh8 23. Rb3 $11 (23. Nxb6 axb6 24. Qa4 Kc8 $11)) 22... Rdh8 $2 {[%mdl 8192] [#]} (22... Ne6 $11) 23. Nxb6 $1 $18 {White is clearly winning.} axb6 {[#]} 24. Rxb6 $1 {[%mdl 512]} Qxb6 25. Nd7+ Kc7 26. Nxb6 Kxb6 27. Qc5+ Kc7 28. Qe7+ 1-0